Proceedings of the United States-Japan Seminar in Differential Geometry : Kyoto, Japan, 1965.
Guardado en:
| Autor Corporativo: | |
|---|---|
| Formato: | Libro |
| Idioma: | English |
| Publicado: |
Tokyo :
Nippon Hyoronsha,
[1966]
|
| Etiquetas: |
Agregar Etiqueta
Sin Etiquetas, Sea el primero en etiquetar este registro!
|
| LEADER | 00538nam a22001455a 4500 | ||
|---|---|---|---|
| 001 | MAT.inmabb001499 | ||
| 008 | 031124s1966####ja############100#0#eng#d | ||
| 005 | 20170816151641.0 | ||
| 245 | 1 | 0 | |a Proceedings of the United States-Japan Seminar in Differential Geometry : |b Kyoto, Japan, 1965. |
| 260 | |a Tokyo : |b Nippon Hyoronsha, |c [1966] | ||
| 300 | |a ix, 177 p. ; |c 22 cm. | ||
| 510 | 4 | |a MR, |c 35 #3552 | |
| 111 | 2 | |a United States-Japan Seminar in Differential Geometry |d (1965 : |c Kyoto) | |
| 084 | |a 53-XX |2 msc2000 | ||
| 859 | |h 53 |i P963-1965 |p A-1840 |b BIB. MATEMATICA | ||
